00849cam a2200205 a 450000100100000000500170001000800410002704000250006808200190009324500350011226000800014730000270022750000380025460000720029265000550036471000430041971000440046295201220050699900150062800000715220200929154100.0980414s1995 ck a b f001 0dspa  aDO-SdBNPbspacBNPHU aCo860.4bG824L00aLeón de Greiff :b1895-1995. aBogotá, Colombia :bBiblioteca Nacional de Colombia ;bColcultura,c1995. a32 p. :bil. ;c22 cm. a"Los libros de León": p. 27-29.10aGREIFF, LEÓN DE,d1895-1995.xCRÍTICA E INTERPRETACIÓN91985204aLiteratura colombianaxHistoria y crítica9176281 aBiblioteca Nacional de Colombia.937741 aInstituto Colombiano de Cultura.919853 001052708MOaGRbGRcCTd2009-09-04iLF1l0oCo860.4 G824Lp7152-10r2020-06-25w2020-06-25y2ZPréstamo interno c6933d6933